|
|
|
|
| LEADER |
00000nas a2200000 i 4500 |
| 001 |
ssj0000913825 |
| 003 |
WaSeSS |
| 005 |
20200512172242.0 |
| 006 |
m d |
| 007 |
cr n |
| 008 |
130108c20119999sz qr p s 0 0eng c |
| 010 |
|
|
|a 2013247553
|
| 016 |
7 |
|
|a 101658402
|2 DNLM
|
| 022 |
|
|
|a 2075-4418
|l 2075-4418
|
| 030 |
|
|
|a DIAGC9
|
| 035 |
|
|
|a (WaSeSS)ssj0000913825
|
| 040 |
|
|
|a HUA
|b eng
|e pn
|c HUA
|d OCLCO
|d CUD
|d COD
|d AU@
|d OCLCQ
|d CUS
|d OCLCQ
|d OCLCF
|d NLM
|d OCLCQ
|d CASUM
|d OCLCA
|d OCLCO
|d OCLCA
|d WaSeSS
|
| 042 |
|
|
|a pcc
|
| 050 |
|
4 |
|a RC71
|
| 060 |
0 |
0 |
|a W1
|
| 130 |
0 |
|
|a Diagnostics (Basel, Switzerland)
|
| 210 |
0 |
|
|a Diagnostics
|b (Basel)
|
| 210 |
1 |
0 |
|a Diagnostics (Basel)
|2 dnlm
|
| 222 |
|
0 |
|a Diagnostics
|b (Basel)
|
| 245 |
1 |
0 |
|a Diagnostics
|h [electronic resource].
|
| 260 |
|
|
|a Basel, Switzerland :
|b MDPI AG,
|c [2011]-
|
| 310 |
|
|
|a Quarterly
|
| 362 |
1 |
|
|a Began with Volume 1, Issue 1 (Dec. 2011).
|
| 506 |
|
|
|a License restrictions may limit access.
|
| 515 |
|
|
|a Numbering from content page.
|
| 588 |
|
|
|a Description based on: Volume 1, Issue 1 (December 2011); title from table of contents screen (publisher's Web site, viewed Nov. 14, 2013).
|
| 588 |
|
|
|a Latest issue consulted: Volume 5, Issue 3 (September 2015) (viewed Aug. 14, 2015).
|
| 650 |
|
0 |
|a Diagnosis
|v Periodicals.
|
| 650 |
|
7 |
|a Diagnosis.
|2 fast
|0 (OCoLC)fst00892273
|
| 650 |
1 |
2 |
|a Diagnostic Imaging.
|
| 655 |
|
0 |
|a Electronic journals.
|
| 856 |
4 |
0 |
|z Full text available from Research Library: 01/01/2011 to 12/31/2018
|u https://search.proquest.com/publication/2032410
|
| 856 |
4 |
0 |
|z Full text available from Research Library: 01/01/2020 to present
|u https://search.proquest.com/publication/2032410
|